zpět

Detail výsledku týmu

Mama Shelter - Holešovice, Praha

Datum a čas kvízu

24 Celkem bodů Celkový počet nahraných bodů na tomto kvízu bez doplňovacích otázek.
9. Pořadí na kvízu Konečné umístění týmu na tomto kvízu.

Zaznamenané odpovědi

# Otázka Odpověď Body Výsledky
1. Jeden z ministrů české vlády m... Oto Klempíř 1
2. Ve které evropské zemi se obje... v Německu 1
3. Představitel kapitána Kirka ze... D) heavy metal 0
4. V pátek byla oznámena fúze dvo... Paramount (Skydance), Warner Bros. (Discovery) 1
5. Armand Duplantis, světový reko... C 0
6. Název „Pyrenejský poloostrov“... Iberský poloostrov 0
7. Vyberte správné tvrzení týkají... A 0
8. Níže vidíte na mapě jisté auto... Andalusie, Sevilla 0.5
9. Jak se jmenuje portugalský mys... C 0
10. Hledáme název ikonické stavby... Belémská věž 0